Guia da responsabilidade dos mďicos

Detalles Bibliográficos
Autor principal: Gomes dos Santos, Joana
Autor Corporativo: Franco Caiado Guerreiro & Associados
Formato: eBook
Lenguaje:portugués
Publicado: Lisboa : Franco Caiado Guerreiro & Associados, 2006
Materias:
Acceso en línea:Acceso restringido

MARC

LEADER 00000nam a22000007a 4500
005 20110923133847.0
008 110923s2006 po |||||s|||| 00| 0 por d
035 |a 2068 
040 |a vLex 
090 |c 2559  |d 2559 
100 1 |a Gomes dos Santos, Joana 
245 1 0 |a Guia da responsabilidade dos mďicos  |h [Recurso electrn̤ico] /  |c Joana Gomes dos Santos, Ricardo Rodrigues Lopes 
256 |a Servicio en ln̕ea. 
260 |a Lisboa :  |b Franco Caiado Guerreiro & Associados,  |c 2006 
300 |a 1 recurso electrn̤ico 
506 1 |a Contenido solo disponible en los productos indicados  |d vLex Global  |d vLex Global (Academic Edition, excluding Law Schools)  |d vLex Global (U.S. Academic Edition, Law Schools)  |d vLex Global (U.S. Academic Edition, excluding Law Schools)  |d vLex Global (Academic Edition, Law Schools) 
650 0 4 |a Medicina legal  |z Portugal 
710 2 |a Franco Caiado Guerreiro & Associados 
740 0 |a vLex Libros (Servicio en ln̕ea) 
856 4 0 |u http://vlex.com/source/guia-responsabilidade-medicos-2068  |z Acceso restringido 
942 |c BOOK